00501 2200193 4500001002100000005001700021008004100038035002400079041000800103043001500111082001400126090001800140245003900158260003000197300001900227650002900246850001200275990002000287YOGYA-0711000000049920110711192627.0 ind  0010-071100000000499 aInd aYOPDYOG(B) a331.09598 a331.09598 Mun aMUNIR dan gerakan perlawanan buruh aMalangbTrans Pressc2005 a118 hlmc20 cm aDemokrasi - Bunga rampai aYOPDYOG a2443-PK/B.05b1